000 00305nam a22001337a 4500
082 _a823
_bSEB/C
100 _aSEBASTIN, B O
245 _aTHE CAP SELLER AND THE MONKEYS
260 _aTHRISSUR
_bH&C
300 _a32
520 _aENGLISH SHORT STORY
650 _aENGLISH SHORT STORY
_zKERALA
942 _cBK
999 _c5906
_d5906